000 00392 a2200169 4500
001 173150
020 _a85-16-00681-6
040 _cMagnum
100 _aMurgel Branco, Samuel
240 1 0 _aViagem ao mundo dos micróbios
_lpor
245 1 0 _aViagem ao mundo dos micróbios
300 _a39
362 0 _a1995
440 1 _aModerna
697 _aLITERATURA INFANTO-JUVENIL
942 _cBK
999 _c173150
_d173150